Gare SNCF la plus fréquentée par département - Statistiques

Statistiques générales
  • Ce quiz a été pris 866 fois
  • Le résultat moyen est 43 sur 94
Statistiques - réponses
Département Voyageurs (millions par an) Nom distinctif requis ? Réponse % Correct
Paris 257,02 Oui Paris Gare du Nord
79%
Alpes-Maritimes 12,13 Non Nice
77%
Bouches-du-Rhône 17,86 Oui Marseille Saint-Charles
74%
Ille-et-Vilaine 15,69 Non Rennes
73%
Bas-Rhin 24,57 Non Strasbourg
72%
Finistère 2,78 Non Brest
71%
Loire-Atlantique 17,55 Non Nantes
70%
Côte-d'Or 8,10 Non Dijon
69%
Ain 2,06 Non Bourg-en-Bresse
68%
Calvados 4,26 Non Caen
67%
Vendée 1,22 Non La Roche-sur-Yon
67%
Isère 8,78 Non Grenoble
65%
Moselle 9,52 Non Metz
64%
Meurthe-et-Moselle 9,21 Non Nancy
64%
Puy-de-Dôme 4,92 Non Clermont-Ferrand
63%
Charente-Maritime 3,14 Non La Rochelle
63%
Rhône 42,43 Oui Lyon Part Dieu
63%
Indre-et-Loir 7,01 Non Tours
62%
Pyrénées-Orientales 2,05 Non Perpignan
61%
Marne 5,00 Non Reims
61%
Somme 7,40 Non Amiens
60%
Sarthe 5,44 Non Le Mans
60%
Loiret 5,22 Non Orléans
59%
Haute-Savoie 3,20 Non Annecy
58%
Gard 4,36 Non Nîmes
58%
Var 5,24 Non Toulon
58%
Hautes-Alpes 0,37 Non Gap
57%
Morbihan 2,31 Non Vannes
57%
Pyrénées-Atlantiques 1,69 Non Bayonne
56%
Territoire de Belfort 1,55 Non Belfort
56%
Savoie 5,11 Non Chambéry - Challes-les-Eaux
56%
Aube 1,45 Non Troyes
56%
Gironde 23,01 Oui Bordeaux Saint-Jean
55%
Haut-Rhin 5,70 Non Mulhouse
55%
Vienne 3,85 Non Poitiers
54%
Mayenne 1,70 Non Laval
52%
Côtes-d'Armor 1,95 Non Saint-Brieuc
52%
Nord 25,33 Oui Lille Flandres
51%
Seine-Saint-Denis 36,96 Non Saint-Denis
51%
Cher 1,38 Non Bourges
50%
Ardennes 1,50 Non Charleville-Mézières
50%
Eure-et-Loir 3,54 Non Chartres
50%
Manche 0,63 Non Cherbourg-en-Cotentin
50%
Charente 2,34 Non Angoulême
49%
Cantal 0,20 Non Aurillac
49%
Nièvre 1,16 Non Nevers
49%
Dordogne 1,22 Non Périgueux
49%
Aveyron 0,31 Non Rodez
49%
Haute-Garonne 14,52 Oui Toulouse Matabiau
49%
Aude 2,42 Non Narbonne
48%
Pas-de-Calais 4,77 Non Arras
47%
Deux-Sèvres 1,39 Non Niort
47%
Hautes-Pyrénées 0,86 Non Tarbes
47%
Corrèze 1,27 Non Brive-la-Gaillarde
46%
Indre 0,77 Non Châteauroux
45%
Loir-et-Cher 2,00 Non Blois - Chambord
44%
Lot-et-Garonne 1,71 Non Agen
43%
Tarn 0,58 Non Albi
42%
Gers 0,32 Non Auch
42%
Vosges 1,39 Non Épinal
42%
Orne 0,48 Non Alençon
41%
Seine-et-Marne 17,07 Non Melun
41%
Landes 1,37 Non Dax
40%
Haute-Loire 0,32 Non Le Puy-en-Velay
40%
Allier 1,49 Non Vichy
40%
Hérault 7,53 Oui Montpellier Saint-Roch
39%
Meuse 0,45 Non Bar-le-Duc
38%
Lot 0,52 Non Cahors
38%
Drôme 3,28 Oui Valence TGV Rhône-Alpes Sud
38%
Haute-Marne 0,46 Non Chaumont
36%
Oise 5,89 Non Creil
34%
Jura 1,08 Non Dole
32%
Yvelines 24,37 Oui Versailles Chantiers
32%
Yonne 1,31 Non Sens
30%
Maine-et-Loire 7,12 Oui Angers Saint-Laud
29%
Vaucluse 4,26 Oui Avignon TGV
28%
Seine-Maritime 7,77 Oui Rouen Rive Droite
28%
Saone-et-Loire 1,70 Non Chalon-sur-Saône
27%
Hauts-de-Seine 31,73 Oui La Défense
26%
Loire 4,20 Oui Saint-Étienne Châteaucreux
25%
Doubs 2,90 Oui Besançon Viotte
24%
Ariège 0,39 Non Pamiers
24%
Creuse 0,23 Non La Souterraine
21%
Haute-Vienne 2,03 Oui Limoges Bénédictins
21%
Aisne 2,02 Non Château-Thierry
19%
Alpes-de-Haute-Provence 0,13 Non Manosque - Gréoux-les-Bains
19%
Eure 2,05 Non Vernon - Giverny
18%
Essonne 41,88 Non Juvisy-sur-Orge
16%
Haute-Saône 0,25 Non Lure
13%
Tarn-et-Garonne 1,48 Oui Montauban Ville Bourbon
11%
Ardèche 0,005 Non Le Teil
9%
Val-d'Oise 23,48 Non Ermont - Eaubonne
8%
Lozère 0,09 Non Saint-Chély-d'Apcher
6%
Val-de-Marne 19,30 Oui Val de Fontenay
6%
Aucun quiz correspondant
Distribution des résultats
% des personnes avec chaque résultat
Percentile par nombre de réponses
Votre historique - résultats
Vous n’avez pas pris ce quiz